Lettres les plus courantes du Tableau périodique - Statistiques

Statistiques générales
  • Ce quiz a été pris 82 fois
  • Le résultat moyen est 8 sur 9
Statistiques - réponses
Éléments dans lesquels il est présent Lettre % Correct
19 R
99%
16 A
96%
15 N
96%
12 M
95%
16 S
95%
11 T
95%
16 C
93%
13 E
91%
13 B
88%
Aucun quiz correspondant
Distribution des résultats
% des personnes avec chaque résultat
Percentile par nombre de réponses
Votre historique - résultats
Vous n’avez pas pris ce quiz